| 000 | 01307 a2200397 4500 | ||
|---|---|---|---|
| 999 |
_c69121 _d41310 |
||
| 001 | 69121 | ||
| 003 | TR-AnTOB | ||
| 005 | 20240903155923.0 | ||
| 008 | 160811p20062016tu b 000 0 d | ||
| 020 | _a9756134135 | ||
| 020 | _a9789754589481 | ||
| 040 |
_aITU _cTR-AnTOB |
||
| 041 | 1 | _atur | |
| 050 |
_aJC179 _b.R68 2016 |
||
| 090 | _aJC179 .R68 2016 | ||
| 100 |
_aRousseau, Jean-Jacques, _d1712-1778 _943518 |
||
| 245 | 0 |
_aToplum sözleşmesi / _cJean-Jacques Rousseau ; çev. Vedat Günyol. |
|
| 246 | 3 | _aContrat social | |
| 246 | 3 | _aDu contrat social | |
| 264 | 1 |
_aİstanbul : _bTürkiye İş Bankası Kültür Yayınları, _c2016 |
|
| 300 |
_aviii,136 pages ; _c22 cm. |
||
| 336 |
_2rdacontent _atext _btxt |
||
| 337 |
_2rdamedia _aunmediated _bn |
||
| 338 |
_2rdacarrier _avolume _bnc |
||
| 504 | _aIncludes bibliographical references | ||
| 530 | _aSert kapak (Hardcover) | ||
| 650 | 0 |
_aSosyal sözleşme _v1800'den önceki çalışmalar _950229 |
|
| 650 |
_aSocial contract _vEarly works to 1800 _yEarly works to 1800 _950228 |
||
| 650 |
_aPolitical science _vEarly works to 1800 _920810 |
||
| 650 |
_aSiyasal bilim _v1800'den önceki çalışmalar _920808 |
||
| 700 |
_aGünyol, Vedat, _d1911-2004 _937043 |
||
| 902 | _a0023884 | ||
| 903 | _aMerkez Kütüphane | ||
| 942 |
_cBK _2lcc |
||